The 1975 - Somebody Else Lyrics - Statistics

General Stats
  • This quiz has been taken 209 times
  • The average score is 405 of 460
Answer Stats
Answer % Correct
I
100%
(I
100%
So
100%
do
99%
don't
99%
else
99%
somebody
99%
a
98%
body
98%
then
98%
want
98%
with
98%
you
98%
You
98%
your
98%
And
97%
But
97%
it
96%
to
96%
found
95%
love
95%
love?
95%
think
95%
about
94%
can
94%
heard
94%
that
94%
was
94%
in
93%
lie
93%
my
93%
sou
93%
thought
93%
gone
92%
Our
92%
The
92%
the
92%
cold
91%
took
91%
at
90%
first
90%
soul
90%
You're
90%
you're
90%
has
89%
all
88%
hate
88%
without
88%
I'm
86%
make
86%
intertwining
84%
rest
84%
things
84%
Get
81%
get
81%
through
81%
leaving
80%
looking
80%
phone
80%
someone
80%
picturing
79%
While
77%
need?
76%
can't
75%
money
75%
No
75%
sounds
73%
Fuck
70%
we
70%
baby
69%
Cause
69%
give
69%
see
69%
c'mon
68%
face
67%
be
66%
time
66%
last
65%
never
65%
This
64%
alone
62%
I'll
61%
just
60%
have
59%
ain't
57%
believe
57%
got
57%
know)
56%
know
56%
we're
55%
find
52%
gettin'
52%
over
52%
place
52%
take
52%
should
51%
every
48%
keep
47%
doing
44%
start
42%
said
41%
you'd
40%
are
39%
gonna
38%
reminded
38%
saying
36%
anything
28%
No matching quizzes found
Score Distribution
Percent of People with Each Score
Percentile by Number Answered
Your Score History
You have not taken this quiz